Necesidades nutritivas de los animales domesticos; necesidades nutritivas de los caballos /

Guardado en:
Formato: Libro
Publicado: Buenos Aires : Hemisferio Sur, 1977
Materias:
Etiquetas: Agregar Etiqueta
Sin Etiquetas, Sea el primero en etiquetar este registro!
LEADER 00886nam a22002175a 4500
001 CEM.cems015635
005 20091103172715.0
008 130507s1977##################000#0#####d
003 CEMS
082 0 4 |a 636.085 
245 0 0 |a Necesidades nutritivas de los animales domesticos; necesidades nutritivas de los caballos /  |c , 
260 |a Buenos Aires :  |b Hemisferio Sur,  |c 1977 
653 |a Equinos-nutrición 
653 |a Ganado-alimentación 
653 |a Ganadería 
653 |a Nutrición animal 
859 |a CEMS  |b BIB. CEMS - Agricultura  |h 636.085  |i N28  |p A0186.00  |t Ej.3  |v 5  |3 5 
859 |a CEMS  |b BIB. CEMS - Agricultura  |h 636.085  |i N28  |p A0187.00  |t Ej.4  |v 5  |3 5 
859 |a CEMS  |b BIB. CEMS - Agricultura  |h 636.085  |i N28  |p A0188.00  |t Ej.5  |v 5  |3 5 
859 |a CEMS  |b BIB. CEMS - Agricultura  |h 636.085  |i N28  |p A7199.79  |t Ej.1  |v 5  |3 5 
859 |a CEMS  |b BIB. CEMS - Agricultura  |h 636.085  |i N28  |p A9595.81  |t Ej.2  |v 5  |3 5